Quelles lettres manque t-il dans le titre ? - Statistiques

Statistiques générales
  • Ce quiz a été pris 49 fois
  • Le résultat moyen est 13 sur 14
Statistiques - réponses
Hint Réponse % Correct
1 B
100%
2 C
94%
3 F
92%
4 G
90%
5 H
90%
6 J
90%
7 K
90%
8 O
90%
9 P
90%
10 V
90%
11 W
88%
12 X
88%
13 Y
88%
14 Z
88%
Aucun quiz correspondant
Distribution des résultats
% des personnes avec chaque résultat
Percentile par nombre de réponses
Votre historique - résultats
Vous n’avez pas pris ce quiz